000 01034cam a2200301 i 4500
001 2575
005 20240108095016.0
020 _a9780140389647
040 _aDLC
_cDLC
_erda
_dDLC
_beng
050 0 0 _aPZ7.T21723
_b1998
082 0 0 _a813
100 1 _aTaylor, Mildred D
_eauthor
245 1 4 _aThe friendship /
_cMildred D. Taylor ; pictures by Max Ginsburg
250 _aPrinted in the United States of America
260 _aNew York :
_bPenguin Books,
_c1987
300 _a53 pages :
_billustrations ;
_c20 cm
500 _aFirst published in 1987 by Dial Books.
505 _aR
520 _aFour children witness a confrontation between an elderly black man and a white storekeeper in rural Mississippi in the 1930s.
521 1 _a750
_bLexile
521 1 _aR
_bRaz-Plus
650 1 _aAfrican Americans
_vFiction.
650 1 _aRace relations
_vFiction.
650 1 _aPrejudices
_vFiction.
700 1 _aGinsburg, Max
_eillustrator
906 _a7
_bcbc
_corigcop
_d2
_encip
_f20
_gy-gencatlg
942 _2ddc
_cBK
_n0
999 _c2575
_d2575